000 nam a22 7a 4500
999 _c8683
_d8683
008 180119b ||||| |||| 00| 0 eng d
100 _aSingh.G.
_92233
245 _aEnvironment Studies
260 _aNew Delhi
_bHoly Faith
_c2008